000 01345cab a2200481 4500
001 ABS53725
008 090401t1995 xxu||||| |||| 00| 0 eng d
035 _a(Sirsi) u6220
041 _aeng
245 _aRegional report: Home Counties North and East Anglia
260 _c1995
350 _a0
490 _aProperty Week
_vRegional Report 53(4) 26 October 1995, (38)
650 _aBASILDON
650 _aBEDFORD
650 _aBEDFORDSHIRE
650 _aBUCKINGHAMSHIRE
650 _aCAMBRIDGE
650 _aCOLCHESTER
650 _aDEMOGRAPHICS
650 _aEAST ANGLIA
650 _aECONOMIC DEVELOPMENT
650 _aESSEX
650 _aHERTFORDSHIRE
650 _aHIGH WYCOMBE
650 _aHOME COUNTIES
650 _aHUNTINGDON
650 _aINDUSTRIAL MARKET
650 _aInfrastructure
_96246
650 _aINVESTMENT MARKET
650 _aIPSWICH
650 _aMILTON KEYNES
650 _aNORWICH
650 _aPROPERTY-COMMERCIAL PROPERTY-OFFICE PROPERTY-OFFICE PROPERTY MARKET
650 _aOXFORD
650 _aPLANNING POLICY
650 _aRESIDENTIAL PROPERTY
_96266
650 _aPROPERTY-COMMERCIAL PROPERTY-RETAIL PROPERTY-RETAIL PROPERTY MARKET
650 _aWATFORD
690 _aPROPERTY-COMMERCIAL PROPERTY-COMMERCIAL PROPERTY MARKET
942 _n0
948 _c04/03/1997
999 _c3738
_d3738